|
|
|
|
| LEADER |
00000nam0a2200000 4500 |
| 001 |
327537 |
| 005 |
20231102003953.0 |
| 035 |
|
|
|a (RuTPU)RU\TPU\book\353221
|
| 090 |
|
|
|a 327537
|
| 100 |
|
|
|a 20170201d1978 k y0rusy50 ca
|
| 101 |
0 |
|
|a rus
|
| 102 |
|
|
|a RU
|
| 105 |
|
|
|a a z 001zy
|
| 200 |
1 |
|
|a Население и география. Теоретические очерки
|e [монография]
|f В. В. Покшишевский
|
| 210 |
|
|
|a Москва
|c Мысль
|d 1978
|
| 215 |
|
|
|a 315 с.
|c ил.
|
| 320 |
|
|
|a Библиогр.: с. 299-308
|
| 320 |
|
|
|a Указатель имен: с. 309-312
|
| 606 |
1 |
|
|a География населения
|x Демография
|y Россия
|y СССР
|2 stltpush
|3 (RuTPU)RU\TPU\subj\38527
|9 59006
|
| 610 |
1 |
|
|a миграция
|
| 610 |
1 |
|
|a урбанизация
|
| 610 |
1 |
|
|a расселение
|
| 610 |
1 |
|
|a территориальная организация
|
| 610 |
1 |
|
|a этнические процессы
|
| 610 |
1 |
|
|a природные условия
|
| 610 |
1 |
|
|a жизнедеятельность
|
| 610 |
1 |
|
|a прогнозы
|
| 610 |
1 |
|
|a монографии
|
| 686 |
|
|
|a С73(2)-21
|v LBC/SL-A
|2 rubbk
|
| 700 |
|
1 |
|a Покшишевский
|b В. В.
|g Вадим Вячеславович
|
| 801 |
|
1 |
|a RU
|b 63413507
|c 20170201
|
| 801 |
|
2 |
|a RU
|b 63413507
|c 20170206
|g RCR
|
| 942 |
|
|
|c BK
|